Central Library OPAC University of Rajshahi

Captain Cook's voyages of discovery / (Record no. 21560)

MARC details
000 -LEADER
fixed length control field 00779nam a22002653 4500
001 - CONTROL NUMBER
control field 21560
003 - CONTROL NUMBER IDENTIFIER
rucl marc code BD-RjUL
005 - DATE AND TIME OF LATEST TRANSACTION
control field 20211209000712.0
008 - FIXED-LENGTH DATA ELEMENTS--GENERAL INFORMATION
fixed length control field 140304s19541906enk 001 0 d
035 ## - SYSTEM CONTROL NUMBER
System control number CD-0000220776
-- (BD-RjUL)21624
040 ## - CATALOGING SOURCE
Original cataloging agency BD-RjUL
Language of cataloging eng
Transcribing agency BD-RjUL
Modifying agency BD-RjUL
041 ## - LANGUAGE CODE
Language code of text/sound track or separate title eng
082 ## - DEWEY DECIMAL CLASSIFICATION NUMBER
Classification number 910.92
Author mark and year CAP 1954
100 1# - MAIN ENTRY--PERSONAL NAME
Personal name Cook, James,
9 (RLIN) 32136
245 10 - TITLE STATEMENT
Title Captain Cook's voyages of discovery /
260 ## - PUBLICATION, DISTRIBUTION, ETC. (IMPRINT)
Place of publication, distribution, etc. London :
Date of publication, distribution, etc. 1906 [Reprinted 1954].
Name of publisher, distributor, etc. Dent and Sons,
300 ## - PHYSICAL DESCRIPTION
Size 19 cm.
Pagination xix, 479 p. ;
490 1# - SERIES STATEMENT
Series statement Everyman's libr.
Volume/sequential designation vol.99
650 ## - SUBJECT ADDED ENTRY--TOPICAL TERM
Topical term or geographic name as entry element Cook, James, 1728-1779
9 (RLIN) 66586
690 00 - LOCAL SUBJECT ADDED ENTRY--TOPICAL TERM (OCLC, RLIN)
Topical term or geographic name as entry element Geography
752 ## - ADDED ENTRY--HIERARCHICAL PLACE NAME
Country or larger entity England
City London
830 #0 - SERIES ADDED ENTRY--UNIFORM TITLE
Volume number/sequential designation vol.99
830 #0 - SERIES ADDED ENTRY--UNIFORM TITLE
Uniform title Everyman's libr.
942 ## - ADDED ENTRY ELEMENTS (KOHA)
Source of classification or shelving scheme Dewey Decimal Classification
Koha item type Books
Holdings
Lost status Source of classification or shelving scheme Damaged status Not for loan Collection code Permanent Location Current Location Shelving location Date acquired Source of acquisition Cost, normal purchase price Total Checkouts Full call number Date last seen Copy number Koha item type
  Dewey Decimal Classification   Added to bundle Non-fiction Central Library, University of Rajshahi Central Library, University of Rajshahi Reading Room 19/09/1953 B.H.Blackwell 0.00   910.92 CAP 1954 04/03/2014 C-1 Books